[Event "Titled Tuesday intern op 17th April"]
[Site "Chess.com INT"]
[Date "2017.11.07"]
[Round "1"]
[White "Peterson, Christofer"]
[Black "Shagbazyan, Taron"]
[Result "0-1"]
[WhiteElo "2285"]
[BlackElo "2429"]
[PlyCount "47"]
[EventDate "2017.04.17"]
[EventType "swiss (blitz)"]
[EventRounds "10"]
[EventCountry "USA"]
[SourceTitle "EXT 2021"]
[Source "ChessBase"]
[SourceDate "2020.10.23"]
[SourceVersion "1"]
[SourceVersionDate "2020.10.23"]
[SourceQuality "1"]

1. e4 c5 2. Nf3 d6 3. d4 cxd4 4. Nxd4 Nf6 5. Nc3 a6 6. Bg5 Nbd7 7. f4 b5 8. Qf3 Bb7 9. 0-0-0 Rc8 10. Kb1 e6 11. g4 b4 12. Nd5 exd5 13. e5 dxe5 14. fxe5 Nxe5 15. Re1 Ne4 16. Qf4 Qxg5 17. Rxe4 Qxf4 18. Rxf4 Bd6 19. Nf5 Kd7 20. Bg2 g6 21. Nh6 Rhe8 22. Rff1 Re7 23. Rd1 Nc4 24. Rhf1 0-1

[Event "Western States op"]
[Site "Reno"]
[Date "2005.10.15"]
[Round "3"]
[White "Peterson, Christofer"]
[Black "Yanayt, Eugene"]
[Result "0-1"]
[WhiteElo "1484"]
[BlackElo "2300"]
[PlyCount "54"]
[EventDate "2005.10.14"]
[EventType "swiss"]
[EventRounds "6"]
[EventCountry "USA"]
[SourceTitle "EXT 2009"]
[Source "ChessBase"]
[SourceDate "2008.11.26"]
[SourceVersion "1"]
[SourceVersionDate "2008.11.26"]
[SourceQuality "1"]

1. d4 Nf6 2. Bf4 g6 3. Nc3 d5 4. Qd2 Bg7 5. f3 0-0 6. 0-0-0 c5 7. dxc5 Qa5 8. Kb1 Qxc5 9. Nxd5 Nxd5 10. Qxd5 Qb4 11. Bc1 Be6 12. Qd2 Qb6 13. e4 Nc6 14. a3 Nd4 15. Bd3 Rfd8 16. Ne2 Nxc2 17. Qxc2 Rac8 18. Qd2 Rxd3 19. Qb4 Qc6 20. Rxd3 Qc2+ 21. Ka1 Qxd3 22. Nf4 Rxc1+ 23. Rxc1 Qe3 24. Rd1 Qxf4 25. Qxe7 Bf8 26. Qxb7 Qe3 27. Qa6 Qb3 0-1